Podivný odchod USA zo Sýrie

Vojská Spojených štátov sa v krajine Bašára Asada nachádzali v protiklade s medzinárodným právom. Zahraničná a bezpečnostná politika Donalda Trumpa.

Gespeichert in:
Bibliographische Detailangaben
1. Verfasser: Škvrnda, František
Format: Buchkapitel
Sprache:Slowakisch
Schlagworte:
Tags: Tag hinzufügen
Keine Tags, Fügen Sie das erste Tag hinzu!

MARC

LEADER 00000naa a2200000 4500
001 0254640
005 20240502074054.5
041 0 |a slo 
044 |a SK 
245 1 0 |a Podivný odchod USA zo Sýrie  |c František Škvrnda 
520 |a Vojská Spojených štátov sa v krajine Bašára Asada nachádzali v protiklade s medzinárodným právom. Zahraničná a bezpečnostná politika Donalda Trumpa. 
610 2 0 |a politika zahraničná 
610 2 0 |a USA 
610 2 0 |a Sýria 
610 2 0 |a politika bezpečnostná 
100 1 |a Škvrnda, František